M.Sc Biotechnology: (Record no. 183811)

MARC details
000 -LEADER
fixed length control field 00658nam a22001817a 4500
005 - DATE AND TIME OF LATEST TRANSACTION
control field 20220104154621.0
010 ## - LCCN (DPL NO)
LC control number ENG-130950
020 ## - INTERNATIONAL STANDARD BOOK NUMBER
International Standard Book Number 978-93-5367-757-2
Terms of availability 625.00
035 ## - SYSTEM CONTROL NUMBER
System control number EN-114482
037 ## - SOURCE OF ACQUISITION
Source of stock number/acquisition DBAD
082 ## - DEWEY DECIMAL CLASSIFICATION NUMBER
Classification number 660.6
100 ## - MAIN ENTRY--PERSONAL NAME
Personal name Deshmukh, Vishal P.
245 ## - TITLE STATEMENT
Title M.Sc Biotechnology:
Remainder of title Entrance Examinations/
Statement of responsibility, etc Vishal P. Deshmukh, Varsha V. Deshmukh, Vivek R. Narkhedkar, Edited by Prashant V. Thakare
260 ## - PUBLICATION, DISTRIBUTION, ETC. (IMPRINT)
Place of publication, distribution, etc Mumbai
Name of publisher, distributor, etc Himalaya Publishing House Pvt Ltd
Date of publication, distribution, etc 2019
270 ## - ADDRESS
City Mumbai
Postal code 400004
Address Ramdoot, Dr. Bhalerao Marg, Girgaon
Electronic mail address himpub@bharatmail.co.in
300 ## - PHYSICAL DESCRIPTION
Extent 413p
Dimensions 24cm(pbk)
942 ## - ADDED ENTRY ELEMENTS (KOHA)
Source of classification or shelving scheme Dewey Decimal Classification
Item type English Books
Classification part 660.6
Call number suffix BIO
Holdings
Withdrawn status Lost status Not for loan Collection code Home library Current library Date acquired Source of acquisition Cost, normal purchase price Full call number Barcode Copy number Cost, replacement price Koha item type
      Non-fiction Central Library Central Library 04/01/2022 DBAD/PUB 625.00 660.6 BIO EN-114482 1 625.00 English Books

© Delhi Public Library
Hit Counter
free hit counter